LDR 00626naa#a2200169#i#450# 001 EN\\bibl\120513 005 20260416213905.4 011 ## _a1019-8946 100 ## _a20260410b2026####ek#y0engy0150####ca 102 ## _aRU 200 1# _aIs it possible to produce margarine using butter-making equipment as an alternative to spreads? _eJournal article 210 1# _aKemerovo _cKemerovo State University _d2026 215 ## _a3 с. 608 ## _aJournal article _2local 675 ## _aСельское хозяйство. Лесное хозяйство. Охота. Рыбное хозяйство. 63 _z 700 #1 _aTopnikova _gElena V. 856 4# _ajsocnet.ru _u